| 000 | 01816nam a2200385 a 4500 | ||
|---|---|---|---|
| 001 | 000028232 | ||
| 003 | DO-SdBPM | ||
| 005 | 20260507132314.0 | ||
| 007 | ta | ||
| 008 | 110407s2010 dr ac 001 0 spa d | ||
| 040 |
_aDO-SdBPM _bspa _cBPMSU _drda |
||
| 082 | 0 | 4 |
_a304.82 _bF727c 2010 _222 |
| 111 | 2 |
_aForo Seminario Internacional en Defensa de la Ciudadanía Universal: la Resistencia de los(as) Migrantes y las Comunidades Afrodescendientes _d(2008 : _cUniversidad de Puerto Rico, Puerto Rico) |
|
| 245 | 1 | 0 |
_aCruzando fronteras : _bconvergencias entre la sociedad civil y la academia en el Caribe / _ceditor, Karin Weyland-Usama, Sara Benítez-Delgado, Liliana Cotto-Morales; prólogo, Roberto Mori. |
| 264 |
_aSanto Domingo : _bINTEC, _c2010. |
||
| 300 |
_a367 páginas : _bilustración ., retratos. ; _c23 cm. |
||
| 336 |
_atexto _btxt _2rdacontent |
||
| 337 |
_asin mediación _bn _2rdamedia |
||
| 338 |
_avolumen _bnc _2rdacarrier |
||
| 504 | _aIncluye referencias bibliográficas y notas al pie de las páginas | ||
| 590 | _aInventariado, 2026/VM | ||
| 650 | 7 |
_aCiudadanía _xCongresos, conferencias, etc. |
|
| 651 | 7 |
_aCaribe (Región) _xEmigración e inmigración _xCongresos, conferencias, etc. |
|
| 651 | 7 |
_aRepública Dominicana _xEmigración e inmigración _xCongresos, conferencias, etc. |
|
| 651 | 7 |
_aHaití _xEmigración e inmigración _xCongresos, conferencias, etc. |
|
| 651 | 7 |
_aPuerto Rico _xEmigración e inmigración _xCongresos, conferencias, etc. |
|
| 651 | z | _aCaribbean Area | |
| 700 | 1 |
_aWeuland-Usama, Karin, _eeditor |
|
| 700 | 1 |
_aBenítez-Delgado, Sara, _eeditor |
|
| 700 | 1 |
_aCotto-Morales, Liliana, _eeditor |
|
| 700 | 1 |
_aMori, Roberto, _eprólogo |
|
| 710 | 2 | _aInstituto Tecnológico de Santo Domingo | |
| 910 | _aVMateo V. Control de calidad BPMSU | ||
| 942 |
_2ddc _cBK |
||
| 999 |
_c15830 _d15830 |
||